The letters of Paul: (Record no. 449)

000 -LEADER
fixed length control field 00648nam a2200181 a 4500
001 - CONTROL NUMBER
control field :::00013603$&:&@@
003 - CONTROL NUMBER IDENTIFIER
control field OkBaRHE
005 - DATE AND TIME OF LATEST TRANSACTION
control field 20100324121722.0
008 - FIXED-LENGTH DATA ELEMENTS--GENERAL INFORMATION
fixed length control field s1965 j 000 0 eng u
040 ## - CATALOGING SOURCE
Transcribing agency
100 1# - MAIN ENTRY--PERSONAL NAME
Personal name Bruce, F. F.
245 14 - TITLE STATEMENT
Title The letters of Paul:
Remainder of title an expanded paraphrase.
Statement of responsibility, etc Printed in parallel with the revised version.
260 ## - PUBLICATION, DISTRIBUTION, ETC. (IMPRINT)
Place of publication, distribution, etc Grand Rapids, MI., :
Name of publisher, distributor, etc Wm. B. Eerdmans Publishing Co.
Date of publication, distribution, etc 1965
300 ## - PHYSICAL DESCRIPTION
Extent 323 p. ;
Dimensions 23 cm.
650 ## - SUBJECT ADDED ENTRY--TOPICAL TERM
Topical term or geographic name as entry element Bible New Testament Pauline Epistles
General subdivision Translations
942 ## - ADDED ENTRY ELEMENTS (KOHA)
Source of classification or shelving scheme
Koha item type Books
Copies
Source of classification or shelving scheme Lost status Not for loan Full call number Price effective from Permanent Location Damaged status Koha item type Date last seen Copy number Barcode Collection code Withdrawn status Shelving location Date acquired
   BS 2695 .B732010-04-14RHEMA Bible Training College Books2018-04-03113603Reference General Stacks2010-04-14